| 000 | 00516nam a2200193Ia 4500 | ||
|---|---|---|---|
| 003 | SGT | ||
| 020 | _a9788173716126 | ||
| 082 |
_a511.8 _bHOR |
||
| 100 | _aHorowitz,Ellis | ||
| 245 | _aFundamental of Computer Algorithms | ||
| 250 | _a2nd . Ed. | ||
| 260 |
_bUniversity Press _aN.Delhi _c2008 |
||
| 300 | _a773p. | ||
| 650 | _aCOMPUTER SCIENCE | ||
| 653 | _aINTRODUCTION,ELEMENTARY DATA STRUCTURES,DIVIDE AND CONQUER,THE GREEDY METHOD | ||
| 700 | _aRajasekaran,S | ||
| 700 | _aSahni,Sartaj | ||
| 942 |
_2ddc _cBK _08 |
||
| 999 |
_c5076 _d5076 |
||